01338cam a22002057a 450000500170000000800410001704000860005804100080014408200170015210000370016924502210020626000700042730000360049750003600053350500820089350600210097565000410099670000470103770000480108420170731120107.0940817s1883 sp c fa 000 0 spa d aZYUcSandra Yazo (modificó)dSandra Yazo (modificó)dSandra Yazo (modificó)0 aspa04a860.99152201 aRevilla, Manuel de lad1846-188110aObras de D. Manuel de la Revillaccon prólogo del Excmo. Antonio Cánovas del Castillo ; y un discurso preliminar de Urbano Gonzáles Serrano ; publícalas el Ateneo cientifico, literario y artístico de Madrid aMadrid (España)bImpr. Central á Cargo de Víctor Saizc1883 axlv, 565 páginasc25 x 16 cm. aDetalles físicos: Encuadernación rígida (holandesa) en cartón forrada en papel, lomo en cuero con nervaduras sobre costuras y adornos en dorado. Guardas. Anteportada. Hoja de cortesía y al verso con un grabado del autor. Portada impresa en una sola tinta. Texto impreso en una sola columna. Márgenes amplios. Algunas notas al pie de página aPrólogo ; Discursos preliminares ; Bocetos literarios ; Estudios literarios aConsulta en sala 72Literatura españolaaAntologías 1 aCánovas del Castillo, Antoniod1828-18971 aGonzález Serrano, U.q(Urbano)d1848-1904